书目信息 |
| 题名: |
建筑·景观·室内实用手绘效果图表现技法
|
|
| 作者: | 陈雪杰 , 李湘华 , 张峰 主编 | |
| 分册: | ||
| 出版信息: | 北京 人民邮电出版社 2012.8 |
|
| 页数: | 106页 | |
| 开本: | 26cm | |
| 丛书名: | ||
| 单 册: | ||
| 中图分类: | TU204.11 | |
| 科图分类: | ||
| 主题词: | 建筑艺术--绘画技法--高等教育--教材 | |
| 电子资源: | ||
| ISBN: | 978-7-115-28366-5 | |
| 000 | 00978nam0 2200265 450 | |
| 001 | 0400004321 | |
| 005 | 20171023174301.0 | |
| 010 | @a978-7-115-28366-5@dCNY34.80 | |
| 100 | @a20171023e20162012em y0chiy ea | |
| 101 | 0 | @achi |
| 102 | @aCN@b110000 | |
| 105 | @aa z 000yy | |
| 106 | @ar | |
| 200 | 1 | @a建筑·景观·室内实用手绘效果图表现技法@9jian zhu · jing guan · shi nei shi yong shou hui xiao guo tu biao xian ji fa@f陈雪杰,李湘华,张峰主编 |
| 210 | @a北京@c人民邮电出版社@d2012.8@h2016.8 | |
| 215 | @a106页@d26cm | |
| 300 | @a21世纪高等教育数字艺术与设计规划教材 | |
| 330 | @a本书讲解建筑、景观、室内实用手绘效果图的表现技法,并以步骤图解的方法逐步引导初学者克服手绘技法和心理上的障碍。 | |
| 606 | 0 | @a建筑艺术@x绘画技法@x高等教育@j教材 |
| 690 | @aTU204.11@v5 | |
| 701 | 0 | @a陈雪杰@9chen xue jie@4主编 |
| 701 | 0 | @a李湘华@9li xiang hua@4主编 |
| 701 | 0 | @a张峰@9zhang feng@4主编 |
| 801 | 0 | @aCN@b91MARC@c20171023 |
| 905 | @b1037625-9@dTU204.11@f5@e1304 | |
| 建筑·景观·室内实用手绘效果图表现技法/陈雪杰,李湘华,张峰主编.-北京:人民邮电出版社,2012.8(2016.8) |
| 106页;26cm |
| 21世纪高等教育数字艺术与设计规划教材 |
| ISBN 978-7-115-28366-5:CNY34.80 |
| 本书讲解建筑、景观、室内实用手绘效果图的表现技法,并以步骤图解的方法逐步引导初学者克服手绘技法和心理上的障碍。 |
| ● |
| 相关链接 |
|
|
|
|
正题名:建筑·景观·室内实用手绘效果图表现技法
索取号:TU204.11/1304
 
预约/预借
| 序号 | 登录号 | 条形码 | 馆藏地/架位号 | 状态 | 备注 |
| 1 | 1037625 | 210376252 | 第二样本阅览室/ [索取号:TU204.11/1304] | 在馆 | |
| 2 | 1037626 | 210376261 | 第三借阅区/ [索取号:TU204.11/1304] | 在馆 | |
| 3 | 1037627 | 210376270 | 第三借阅区/ [索取号:TU204.11/1304] | 在馆 | |
| 4 | 1037628 | 210376289 | 第三借阅区/ [索取号:TU204.11/1304] | 在馆 | |
| 5 | 1037629 | 210376298 | 密集书库-生命科学系/ [索取号:TU204.11/1304] | 在馆 |